| 000 | 00871nam a2200241 i 4500 | ||
|---|---|---|---|
| 001 | 61340 | ||
| 003 | ES-MaACL | ||
| 005 | 20250801043712.0 | ||
| 007 | t| | ||
| 008 | 031111s1974 sp |||| | spa d | ||
| 245 | 0 | 0 |
_aEuropa en el año 2000 / _cprólogo de Luis Díez del Corral ; versión de Ernestina Champourcin. |
| 260 |
_aMadrid : _bRevista de Occidente, _c[1974] |
||
| 300 |
_a354 p. ; _c21 cm. |
||
| 490 | 1 |
_aBiblioteca de política y sociología ; _v21 |
|
| 594 | _aPrecede al tít.: Fundación Cultural Europea. | ||
| 651 | 4 |
_aEuropa- _xDescripción. _98594 |
|
| 700 | 1 |
_aDíez del Corral, Luis. _944718 |
|
| 700 | 1 |
_aChampourcin, Ernestina de, _d1905-1999 _937933 |
|
| 710 | 2 |
_aFundación Cultural Europea. _94263 |
|
| 830 | 0 |
_aBiblioteca de política y sociología ; _v21 _9187480 |
|
| 852 |
_aES-MaACL _jE-7075 |
||
| 999 |
_c61340 _d61340 |
||